| 000 | 00919nam a2200217Ia 4500 | ||
|---|---|---|---|
| 999 |
_c34522 _d34522 |
||
| 001 | 272 | ||
| 003 | GE_BSU | ||
| 005 | 20250411114918.0 | ||
| 008 | 181216s2011||||ge |||||||||||||| ||geo|| | ||
| 020 | _a9789941412714 | ||
| 040 | _cGE_BSU | ||
| 041 | _ageo | ||
| 080 | _a37.01 ბ-65 | ||
| 100 |
_aბიბილეიშვილი, იური _924764 |
||
| 245 |
_aმწერლის პედაგოგიური შეხედულებები. ოტია იოსელიანი _cიური ბიბილეიშვილი; რედ: ლელა თავდგირიძე. |
||
| 264 |
_aბათუმი : _bშოთა რუსთაველის სახ. უნ-ტი, _c2011. |
||
| 300 | _a104 გვ. | ||
| 653 | _aპედაგოგიკა | ||
| 700 |
_aთავდგირიძე, ლელა _eრედაქტორი _91294 |
||
| 942 |
_cBK _2udc |
||